000 00746nam a2200241Ia 4500
003 GCL
008 140319s9999 xx 000 0 ara d
040 _aGCL /
_cGCL
082 0 4 _aق
_b309.262
_bح ف
100 1 _aحلمى احمد شلبى
245 1 0 _aفصول فى تاريخ تحديث المدن فى مصر 1914-1820 /
_cحلمى احمد شلبى
260 _a[S.N] :
_bالهيئة المصرية العامة للكتاب ،
_c1988
300 _a231 ص
490 _aمصر النهضة
_v0
650 0 4 _aمصر
650 0 4 _aتاريخ
650 0 4 _aالمدن
650 0 4 _aالمواصلات
650 0 4 _aالنقل
650 0 4 _aتخطيط المدن
650 0 4 _aتخطيط المدن - مصر
942 _2ddc
_cBK
999 _c53017
_d53017